Strings /

I tiakina i:
Ngā taipitopito rārangi puna kōrero
Kaituhi matua: Klarlund, Anders Rønnow (realización)
Ētahi atu kaituhi: Aidt, Naja Marie (guión) (guión), Hattesen, Kim (fotógrafo) (fotógrafo), Weincke, Jan (fotógrafo) (fotógrafo), Kjeldsen, Leif Axel (montaje) (montaje), Lauritsen, Jørgen (música) (música), McAvoy, James (voz) (voz), Jacobi, Derek (voz) (voz), McCormack, Catherine (voz) (voz)
Hōputu: Reti
Reo:Ingarihi
I whakaputaina: Copenhague, Dinamarca : Bald Film, 2004, c2004
Ngā marau:
Ngā Tūtohu: Tāpirihia he Tūtohu
Kāore He Tūtohu, Me noho koe te mea tuatahi ki te tūtohu i tēnei pūkete!

MARC

LEADER 00000ngm^a2200000^a^4500
001 000281728
005 20250521000000.0
009 20260310111545.707
020 |a 0-7942-0582-8 
037 |a Acervo ITESO - Biblioteca 
041 |a ING 
082 |a 839. 81  |b KLA 
100 |a Klarlund, Anders Rønnow  |e (realización) 
245 1 0 |a Strings /  |c Realización de A.R. Klarlund. 
264 4 |a Copenhague, Dinamarca :  |b Bald Film,  |c 2004, c2004 
264 2 |a Nueva York, EUA :  |b Wellspring [distribución],  |c 2006, c2006 
300 |a 1 DVD sin dato de región  |c (92 min.) 
336 |a imagen móvil bidimensional  |b tdi  |2 rdacontenido 
337 |a video  |b v  |2 rdamedio 
338 |a videodisco  |b vd  |2 rdasoporte 
649 |a XX 
650 |a Cine de Aventuras 
650 |a Cine de Animación 
650 |a Cine Fantástico 
650 |a Surrealismo 
650 |a Dramas Cinematográficos 
650 |a Cine Danés -  |y 2000-2009 
650 |a Cine Danés -  |y Siglo XXI 
650 |a Cine en Inglés -  |z Dinamarca 
650 |a Cuerda 
650 |a Títeres 
650 |a Amor 
650 |a Venganza 
650 |a Explotación 
650 |a Igualdad y Desigualdad 
650 |a Control Social 
650 |a Poder (Ciencias Sociales) 
700 |a Aidt, Naja Marie  |e (guión) 
700 |a Hattesen, Kim  |e (fotógrafo) 
700 |a Weincke, Jan  |e (fotógrafo) 
700 |a Kjeldsen, Leif Axel  |e (montaje) 
700 |a Lauritsen, Jørgen  |e (música) 
700 |a McAvoy, James  |e (voz) 
700 |a Jacobi, Derek  |e (voz) 
700 |a McCormack, Catherine  |e (voz) 
910 |a Fondo General 
920 |a Audiovisuales - DVDs 
940 |a Películas 
905 |a 302 
901 |a 0500165911  |b IT2  |c DVS  |u 20250521 
902 |a https://opac.biblio.iteso.mx/vufind/Record/000281728